| Registos Bibliográficos associados ao registo de autoridade |
|
Etiqueta de registo: 00000nkm 2200025 450 001 2260414 003 http://id.bnportugal.gov.pt/bib/catbnp/2260414 100 ## $a20260204f1985 m y0pory01030103ba 101 0# $apor 102 ## $aPT 200 1# $aNão! À Lei das Rendas, Concentração [em] S. Bento, 20 de maio$bVisual gráfico]$fAssociação de Inquilinos Lisbonenses et al. 210 #9 $aLisboa$cAssociação de Inquilinos Lisbonenses,$d[1985?] 215 ## $a1 cartaz$ccolor.$d49,4x34,3 cm 306 ## $aDatação atribuída em conformidade com o acontecimento anunciado 317 ## $aColeção Madeira Luís 675 ## $a766(=1:469)"1985"(084.5)$vBN$zpor$31802164 710 01 $aAssociação de Inquilinos Lisbonenses$31983356 711 02 $aUnião dos Sindicatos de Lisboa$3208202 711 01 $aMovimento Democrático de Mulheres.$bDistrital de Lisboa$31983357 711 02 $aMURPI$3193589 801 #0 $aPT$bBN$gRPC 966 ## $lBN$mICONOG$sCT. 13464 V.$x3 971 ## $cCaticonografia3$d20260204 995 ## $aPRR2026 $d20260204$iCaticonografia3
|
|
|